Psicología de la motivación: teoría e investigación
Uloženo v:
| Hlavní autor: | |
|---|---|
| Médium: | Kniha |
| Jazyk: | španělština |
| Vydáno: |
Ciudad de México
Trillas
1971
|
| Edice: | Biblioteca Técnica de Psicología
|
| Témata: | |
| Tagy: |
Přidat tag
Žádné tagy, Buďte první, kdo vytvoří štítek k tomuto záznamu!
|
MARC
| LEADER | 00000nam a2200000 a 4500 | ||
|---|---|---|---|
| 001 | UCY3732 | ||
| 003 | CL-VaPUC | ||
| 008 | 950116e19710000MX |||||||||||||||||spa|d | ||
| 082 | 0 | 4 | |a 153.153 |b COF |2 21 |
| 100 | 0 | |a Cofer, C. N |e author |9 332102 | |
| 245 | 1 | 0 | |a Psicología de la motivación: teoría e investigación |
| 300 | |a 907 p | ||
| 942 | |c BK | ||
| 945 | |d 19950116 00:00:00 |a rbrito | ||
| 260 | |a Ciudad de México |b Trillas |c 1971 | ||
| 650 | 0 | |a Motivación |9 309967 | |
| 583 | |a last modification |c 19950116 00:00:00 |k Rodrigo Vera | ||
| 490 | 0 | |a Biblioteca Técnica de Psicología | |
| 999 | |c 231790 |d 231788 | ||
| 952 | |0 0 |1 0 |4 0 |6 153_153000000000000_COF_1971 |7 0 |8 P |9 235477 |a BIBEDU |b BIBEDU |c BIBEDU_PB |d 2019-11-15 |i 3052338 |o 153.153 COF 1971 |p 3052338 |r 2024-01-25 |w 2019-11-15 |y BK |k EDU | ||
| 952 | |0 0 |1 0 |4 0 |6 153_153000000000000_COF_1971 |7 0 |8 A |9 235478 |a BIBGIM |b BIBGIM |d 2019-11-15 |i 336349K |l 1 |o 153.153 COF 1971 |p 336349K |r 2025-03-14 |s 2025-03-14 |w 2019-11-15 |y BK |k COM | ||